Europe by Shortest BorderšŸ”„ - Statistics

General Stats
  • This quiz has been taken 196 times
  • The average score is 29 of 43
Answers on the Map
Answers color-coded by a green-red scale on the quiz's map according to % correct below.
 
Answer Stats
Answer % Correct
France
98%
Monaco
93%
Italy
92%
Vatican City
91%
Andorra
90%
Denmark
89%
Germany
89%
Ireland
88%
United Kingdom
88%
Spain
87%
Norway
85%
Russia
85%
Finland
80%
Sweden
80%
Lithuania
79%
Poland
79%
Liechtenstein
77%
Slovakia
74%
Portugal
72%
Ukraine
72%
Latvia
71%
Luxembourg
71%
Belgium
70%
Hungary
70%
Belarus
68%
Austria
67%
San Marino
63%
Netherlands
59%
Romania
59%
Albania
56%
Estonia
54%
Greece
54%
Montenegro
54%
Switzerland
52%
Serbia
50%
North Macedonia
45%
Kosovo
42%
Croatia
40%
Czech Republic
40%
Moldova
39%
Bulgaria
35%
Slovenia
35%
Bosnia and Herzegovina
33%
No matching quizzes found
Score Distribution
Percent of People with Each Score
Percentile by Number Answered
Your Score History
You have not taken this quiz